|
|
|
|
| LEADER |
00000nam a2200000 a 4500 |
| 001 |
vtls008702942 |
| 003 |
SK-MaSNL |
| 005 |
20260301080107.0 |
| 008 |
251031s2006 xo l g 000 0 slo |
| 015 |
|
|
|a SNBA2006/06-03306
|
| 020 |
|
|
|a 8055112827 (brož.)
|
| 040 |
|
|
|a SNK
|b slo
|c SNK
|e AACR2
|
| 041 |
1 |
|
|a slo
|h ger
|
| 044 |
|
|
|a xo
|c SK
|
| 072 |
|
7 |
|a 793
|x Spoločenská zábava
|2 konspekt
|
| 080 |
|
|
|a 793.7-028.63
|2 2001
|
| 080 |
|
|
|a (035)
|2 2001
|
| 130 |
0 |
|
|a Sikaku
|l Slovensky
|9 401218
|
| 245 |
0 |
0 |
|a Sikaku
|b nový hit z Japonska
|c [z nemeckého originálu preložila Dominika Patričková]
|
| 250 |
|
|
|a [1. vyd.]
|
| 260 |
|
|
|a Bratislava
|b Ikar
|c 2006
|
| 300 |
|
|
|a 144 s.
|b tab.
|c 21 cm
|
| 650 |
0 |
7 |
|a hlavolamy
|2 SNKPH
|9 3312
|
| 655 |
|
7 |
|a príručky
|2 SNKPH
|9 74364
|
| 700 |
1 |
|
|a Petričková, Dominika
|4 trl
|9 215080
|
| 919 |
|
|
|a 80-551-1282-7
|
| 968 |
|
|
|b DT
|d 793/799
|
| 999 |
|
|
|c 652191
|d 654121
|
| 952 |
|
|
|a SNK
|b SNK
|y PREZ
|7 0
|p 17A0511264
|o snkOSC 23513
|i snk2006/10285
|8 0
|0 0
|1 0
|4 0
|d 2006-05-23
|l 0
|r 2026-02-23 18:25:41
|w 2026-02-23
|
| 952 |
|
|
|a SNK
|b SNK
|y VYP
|7 0
|p 17A0511263
|o snkOSC 23513 D1
|i snk2006/10286
|8 0
|0 0
|1 0
|4 0
|d 2006-05-23
|l 0
|r 2026-02-23 18:25:41
|w 2026-02-23
|